Diccionario de ciencias penales: criminología, derecho penal, derecho penitenciario y derecho procesal penal

Збережено в:
Бібліографічні деталі
Автор: García Valdés, Carlos (Автор)
Формат: Книга
Мова:Іспанська
Опубліковано: Madrid Edisofer 2000
Предмети:
Теги: Додати тег
Немає тегів, Будьте першим, хто поставить тег для цього запису!

MARC

LEADER 00000nam a2200000 a 4500
001 UCL7740
003 CL-VaPUC
008 040528e20000000SP |||||||||||||||||spa|d
020 |a 8489493308 
082 0 4 |a 345.03  |b GAR  |2 21 
100 |a García Valdés, Carlos  |e author  |9 551776 
245 1 0 |a Diccionario de ciencias penales: criminología, derecho penal, derecho penitenciario y derecho procesal penal 
300 |a 516 p 
942 |c BK 
945 |d 20040528 00:00:00  |a cmena 
260 |a Madrid  |b Edisofer  |c 2000 
650 0 |a Diccionarios  |9 256200 
650 7 |a DERECHO PENAL  |2 CL-VaPUC  |9 11 
650 0 |a Derecho penitenciario  |9 368502 
650 0 |a Derecho procesal penal   |9 256392 
650 0 |a Criminología  |9 256168 
583 |a last modification  |c 20040528 00:00:00  |k Rodrigo Vera 
999 |c 309361  |d 309359 
952 |0 0  |1 0  |4 0  |6 345_030000000000000_GAR_2000  |7 0  |8 F  |9 376790  |a BIBDER  |b BIBDER  |d 2019-11-21  |i 4016777  |o 345.03 GAR 2000  |p 4016777  |r 2023-01-25  |w 2019-11-21  |y BK_F  |k DER